[Event "Digicel National Championship (Absolute) 2015"]
[Site "Kingston"]
[Date "2015.01.17"]
[Round "1"]
[Board "1"]
[White "WISDOM, Daren"]
[Black "DAVY, Damion"]
[Result "1/2-1/2"]
[WhiteElo "1985"]
[BlackElo "2177"]
[PlyCount "72"]
[EventDate "2015.01.17"]
[EventRounds "11"]
[EventCountry "JAM"]

1. d4 Nf6 2. Nf3 d5 3. c4 e6 4. Nc3 Bb4 5. e3 O-O 6. Ne5 c5 7. a3 Ba5 8. Bd3
Nc6 9. O-O cxd4 10. exd4 Nxd4 11. Bxh7+ Nxh7 12. Qxd4 dxc4 13. Qxc4 Qc7 14. Qe2
Bxc3 15. bxc3 b6 16. Bb2 Bb7 17. c4 f6 18. Ng6 Rfe8 19. Rfd1 Qc6 20. f3 Qc5+
21. Kh1 e5 22. Rd2 Ng5 23. Rad1 Bc6 24. h4 Kf7 25. f4 Ne4 26. Rd7+ Bxd7 27.
Rxd7+ Ke6 28. Qxe4 Kxd7 29. fxe5 Rad8 30. Qb7+ Qc7 31. Qd5+ Kc8 32. Qa8+ Kd7
33. Qd5+ Kc8 34. Qa8+ Kd7 35. Qd5+ Kc8 36. Qa8+ Kd7 1/2-1/2

[Event "Digicel National Championship (Absolute) 2015"]
[Site "Kingston"]
[Date "2015.01.17"]
[Round "1"]
[Board "2"]
[White "PORTER, Russel"]
[Black "SMITH, Melisha"]
[Result "1-0"]
[WhiteElo "2082"]
[BlackElo "1797"]
[PlyCount "47"]
[EventDate "2015.01.17"]
[EventRounds "11"]
[EventCountry "JAM"]

1. e4 c5 2. c3 e6 3. d4 cxd4 4. cxd4 d5 5. e5 Nc6 6. Nf3 Bb4+ 7. Nc3 Nge7 8.
Bd3 Ng6 9. h4 Qc7 10. O-O Ngxe5 11. dxe5 Bxc3 12. bxc3 Nxe5 13. Nxe5 Qxe5 14.
Bb5+ Kf8 15. Ba3+ Kg8 16. Qb3 a6 17. Qb4 h6 18. Be8 Kh7 19. Bxf7 Qf6 20. Qe7
Qxc3 21. h5 Rg8 22. Bxg8+ Kxg8 23. Rac1 Qe5 24. Qe8+ 1-0

[Event "Digicel National Championship (Absolute) 2015"]
[Site "Kingston"]
[Date "2015.01.17"]
[Round "1"]
[Board "3"]
[White "ELLIOTT, Warren"]
[Black "WILSON, Brandon"]
[Result "1/2-1/2"]
[WhiteElo "2240"]
[BlackElo "2099"]
[PlyCount "37"]
[EventDate "2015.01.17"]
[EventRounds "11"]
[EventCountry "JAM"]

1. d4 Nf6 2. Bg5 d5 3. e3 Nbd7 4. c4 c6 5. Nc3 Qa5 6. Bxf6 Nxf6 7. Qc2 Bg4 8.
Nf3 Bxf3 9. gxf3 dxc4 10. Bxc4 e6 11. O-O-O Nd5 12. Bxd5 cxd5 13. Kb1 Bb4 14.
Ne2 O-O 15. Rc1 Bd2 16. Rcd1 Bb4 17. Rc1 Bd2 18. Rcd1 Bb4 19. Rc1 1/2-1/2

[Event "Digicel National Championship (Absolute) 2015"]
[Site "Kingston"]
[Date "2015.01.17"]
[Round "1"]
[Board "4"]
[White "SMITH, Shreyas"]
[Black "MELLACE, Andrew"]
[Result "0-1"]
[WhiteElo "2086"]
[BlackElo "2064"]
[PlyCount "76"]
[EventDate "2015.01.17"]
[EventRounds "11"]
[EventCountry "JAM"]

1. e4 d5 2. exd5 Nf6 3. c4 c6 4. d4 cxd5 5. Nc3 Nc6 6. Bg5 dxc4 7. d5 Ne5 8.
Qd4 Nd3+ 9. Bxd3 cxd3 10. Nf3 h6 11. Bxf6 gxf6 12. O-O-O Bf5 13. Rhe1 Bg7 14.
g4 Bh7 15. g5 hxg5 16. Nxg5 Bg6 17. Nf3 Kf8 18. Rg1 d2+ 19. Kxd2 Qd7 20. Rg3
Bh6+ 21. Ke1 a6 22. Nh4 Bc2 23. Ra1 Rc8 24. Qg4 Qc7 25. Nf5 Qe5+ 26. Ne3 f5 27.
Qe2 Rxc3 28. Rc1 Bd3 29. Rxc3 Qxc3+ 30. bxc3 Bxe2 31. Kxe2 f4 32. Rg1 fxe3 33.
fxe3 Rg8 34. Rxg8+ Kxg8 35. c4 Kg7 36. c5 Kf6 37. Kd3 Ke5 38. e4 f5 0-1

[Event "Digicel National Championship (Absolute) 2015"]
[Site "Kingston"]
[Date "2015.01.17"]
[Round "1"]
[Board "5"]
[White "WILKINSON, Ian"]
[Black "CAMPBELL, Kevron"]
[Result "0-1"]
[WhiteElo "1889"]
[BlackElo "1841"]
[PlyCount "126"]
[EventDate "2015.01.17"]
[EventRounds "11"]
[EventCountry "JAM"]

1. e4 c5 2. Nf3 Nc6 3. d4 cxd4 4. Nxd4 e6 5. Nc3 a6 6. Be2 Qc7 7. O-O b5 8. a3
Bb7 9. Be3 Nf6 10. Kh1 Be7 11. f4 Rc8 12. e5 Nxd4 13. Qxd4 Nd5 14. Nxd5 Bxd5
15. c3 Bc4 16. Bxc4 Qxc4 17. Qa7 Qc6 18. Rad1 Ra8 19. Qd4 Rd8 20. Rd3 O-O 21.
Rfd1 d5 22. exd6 Rxd6 23. Qa7 Rxd3 24. Rxd3 Qe4 25. Qd4 Qxd4 26. Rxd4 Rd8 27.
Kg1 f6 28. Kf2 Kf7 29. Rxd8 Bxd8 30. Bd4 Bc7 31. Kf3 e5 32. Be3 Ke6 33. fxe5
Bxe5 34. Bf4 Kd5 35. Bxe5 fxe5 36. b3 a5 37. Ke3 a4 38. bxa4 bxa4 39. Kd3 e4+
40. Ke3 Kc4 41. Kxe4 Kxc3 42. Ke3 Kb3 43. Kd3 Kxa3 44. Kc3 g5 45. g4 h6 46. h3
Ka2 47. Kc2 a3 48. Kc1 Kb3 49. Kb1 Kc3 50. Ka2 Kd3 51. Kxa3 Ke3 52. Kb3 Kf3 53.
Kc3 Kg3 54. Kd3 Kxh3 55. Ke3 Kxg4 56. Kf2 Kf4 57. Kg2 h5 58. Kf2 h4 59. Kg2 g4
60. Kf2 h3 61. Kg1 Kf3 62. Kh2 g3+ 63. Kxh3 Kf2 0-1

[Event "Digicel National Championship (Absolute) 2015"]
[Site "Kingston"]
[Date "2015.01.17"]
[Round "1"]
[Board "6"]
[White "LORNE, Malaku"]
[Black "MYERS, Peter"]
[Result "1-0"]
[WhiteElo "2113"]
[BlackElo "1984"]
[PlyCount "91"]
[EventDate "2015.01.17"]
[EventRounds "11"]
[EventCountry "JAM"]

1. d4 d5 2. c4 e6 3. Nc3 c6 4. e4 dxe4 5. Nxe4 Nf6 6. Nc3 g6 7. Nf3 Bg7 8. h3
O-O 9. Be3 Qa5 10. Bd3 b5 11. c5 Nd5 12. Bd2 Nxc3 13. bxc3 Qc7 14. O-O Nd7 15.
a4 Rb8 16. Qe2 a6 17. Rfe1 Nf6 18. Ne5 Nd5 19. axb5 axb5 20. c4 Bxe5 21. dxe5
bxc4 22. Bxc4 Qe7 23. Rac1 Rb2 24. Red1 Bd7 25. Qg4 f5 26. exf6 Qxf6 27. Qg3
Qf7 28. f3 Qf5 29. Bh6 Rf7 30. Bd3 Qf6 31. Be4 g5 32. Qxg5+ Qxg5 33. Bxg5 Rg7
34. f4 Ne3 35. Rd3 Nxg2 36. Bxg2 h6 37. Rcd1 Be8 38. Rd8 hxg5 39. Rxe8+ Kf7 40.
Rd7+ Kxe8 41. Rxg7 gxf4 42. Bxc6+ Kf8 43. Rc7 Rb3 44. Kg2 e5 45. Rf7+ Kg8 46.
Rxf4 1-0

[Event "Digicel National Championship (Absolute) 2015"]
[Site "Kingston"]
[Date "2015.01.18"]
[Round "2"]
[Board "1"]
[White "DAVY, Damion"]
[Black "MYERS, Peter"]
[Result "1-0"]
[WhiteElo "2177"]
[BlackElo "1984"]
[PlyCount "57"]
[EventDate "2015.01.17"]
[EventRounds "11"]
[EventCountry "JAM"]

1. e4 g6 2. d4 Bg7 3. Nc3 d6 4. f4 Nf6 5. Nf3 O-O 6. Bd3 c5 7. dxc5 dxc5 8. e5
Ng4 9. h3 Nh6 10. g4 Nc6 11. Ne4 Kh8 12. g5 Nf5 13. c3 f6 14. h4 c4 15. Bxc4
Qxd1+ 16. Kxd1 Na5 17. Bd3 fxe5 18. h5 gxh5 19. Rxh5 Be6 20. g6 Nh6 21. Nxe5
Bf5 22. Nf7+ Rxf7 23. gxf7 Bg4+ 24. Be2 Bxh5 25. Bxh5 Bf6 26. Nxf6 exf6 27. Be3
Nf5 28. Bc5 Rd8+ 29. Kc2 1-0

[Event "Digicel National Championship (Absolute) 2015"]
[Site "Kingston"]
[Date "2015.01.18"]
[Round "2"]
[Board "2"]
[White "CAMPBELL, Kevron"]
[Black "LORNE, Malaku"]
[Result "0-1"]
[WhiteElo "1841"]
[BlackElo "2113"]
[PlyCount "56"]
[EventDate "2015.01.17"]
[EventRounds "11"]
[EventCountry "JAM"]

1. d4 Nf6 2. c4 e6 3. Nc3 Bb4 4. f3 d5 5. a3 Bxc3+ 6. bxc3 O-O 7. e3 c5 8. cxd5
exd5 9. Bd3 Nc6 10. Ne2 Re8 11. O-O Be6 12. Ng3 Rc8 13. Kh1 Re7 14. Nf5 Rec7
15. Qe1 Na5 16. e4 Bxf5 17. exf5 Nb3 18. Bf4 Re7 19. Qg3 Nh5 20. Qg4 Nxf4 21.
Qxf4 Nxa1 22. f6 Re6 23. fxg7 Nb3 24. Qg4 Rg6 25. Bxg6 hxg6 26. f4 Nd2 27. f5
Nxf1 28. Qf4 Kxg7 0-1

[Event "Digicel National Championship (Absolute) 2015"]
[Site "Kingston"]
[Date "2015.01.18"]
[Round "2"]
[Board "3"]
[White "MELLACE, Andrew"]
[Black "WILKINSON, Ian"]
[Result "1-0"]
[WhiteElo "2064"]
[BlackElo "1889"]
[PlyCount "111"]
[EventDate "2015.01.17"]
[EventRounds "11"]
[EventCountry "JAM"]

1. e4 c6 2. d4 d5 3. Nd2 dxe4 4. Nxe4 Nd7 5. Bc4 Ngf6 6. Ng5 e6 7. Qe2 Nb6 8.
Bd3 h6 9. N5f3 Bb4+ 10. c3 Bd6 11. Ne5 Qc7 12. Ngf3 Nfd7 13. O-O Nxe5 14. dxe5
Be7 15. a4 a5 16. Re1 Nd5 17. Nd4 Bc5 18. Qg4 Kf8 19. Qh5 Qd8 20. Nb3 Be7 21.
Bc2 b6 22. Nd4 Bd7 23. Rd1 Qe8 24. Bd2 Rc8 25. Kh1 Kg8 26. f4 g6 27. Qg4 h5 28.
Qe2 c5 29. Nf3 c4 30. Be3 Nxe3 31. Qxe3 Bc5 32. Qe2 Bc6 33. Nd2 Be7 34. h3 Bd5
35. Be4 Qc6 36. Bxd5 exd5 37. Nf3 Bc5 38. Ng5 Be7 39. Nf3 Bc5 40. Nd4 Bxd4 41.
Rxd4 Rd8 42. Qc2 h4 43. Re1 Qe6 44. Red1 Kg7 45. Qd2 Qf5 46. Qf2 Qe6 47. Qf3
Qf5 48. Rxd5 Rxd5 49. Rxd5 Qb1+ 50. Kh2 Qxb2 51. f5 gxf5 52. Qxf5 Rh6 53. Rd7
Rg6 54. Rxf7+ Kh6 55. Qf4+ Rg5 56. Qxh4+ 1-0

[Event "Digicel National Championship (Absolute) 2015"]
[Site "Kingston"]
[Date "2015.01.18"]
[Round "2"]
[Board "4"]
[White "WILSON, Brandon"]
[Black "SMITH, Shreyas"]
[Result "0-1"]
[WhiteElo "2099"]
[BlackElo "2086"]
[PlyCount "104"]
[EventDate "2015.01.17"]
[EventRounds "11"]
[EventCountry "JAM"]

1. e4 c5 2. Nc3 e6 3. f4 d5 4. exd5 exd5 5. Bb5+ Nc6 6. Qe2+ Be7 7. Bxc6+ bxc6
8. Nf3 Nf6 9. b3 O-O 10. O-O Re8 11. Ne5 Qc7 12. Ba3 Nd7 13. Rae1 Bf6 14. Qh5
g6 15. Qh6 Bg7 16. Nxd7 Rxe1 17. Nf6+ Bxf6 18. Rxe1 Bd4+ 19. Kh1 Bf5 20. Na4
Bxc2 21. Bxc5 Bf6 22. Bf2 Qa5 23. f5 Bxf5 24. Rc1 Re8 25. Bc5 Qa6 26. Qf4 Qe2
27. Qf2 a6 28. Nc3 Qxf2 29. Bxf2 Bg5 30. Re1 Rb8 31. Be3 Re8 32. Bf2 Rb8 33.
Be3 Bf6 34. Bf4 Rd8 35. Bc7 Rd7 36. Re8+ Kg7 37. Bg3 Re7 38. Rxe7 Bxe7 39. d4
Bb4 40. Na4 Bb1 41. Nc5 Bxc5 42. dxc5 Bxa2 43. b4 Kf6 44. Kg1 Kf5 45. Be1 Ke4
46. Kf2 Kd3 47. Kf3 d4 48. g3 Bd5+ 49. Kf2 f5 50. h3 Kc2 51. h4 Kd1 52. Kf1 d3
 0-1

[Event "Digicel National Championship (Absolute) 2015"]
[Site "Kingston"]
[Date "2015.01.18"]
[Round "2"]
[Board "5"]
[White "SMITH, Melisha"]
[Black "ELLIOTT, Warren"]
[Result "0-1"]
[WhiteElo "1797"]
[BlackElo "2240"]
[PlyCount "88"]
[EventDate "2015.01.17"]
[EventRounds "11"]
[EventCountry "JAM"]

1. d4 Nf6 2. Nf3 c5 3. e3 g6 4. b3 Bg7 5. Bb2 cxd4 6. exd4 d5 7. Be2 Nc6 8. Nc3
O-O 9. O-O Bf5 10. Re1 Nb4 11. Bd3 Nxd3 12. cxd3 Bg4 13. h3 Bxf3 14. Qxf3 e6
15. Rac1 Qa5 16. Qe3 Rac8 17. Na4 Nd7 18. Rxc8 Rxc8 19. Rc1 Qd8 20. Qd2 b6 21.
Rxc8 Qxc8 22. Qc3 Qxc3 23. Bxc3 Nb8 24. Nb2 Nc6 25. Kf1 Nxd4 26. Bxd4 Bxd4 27.
Nd1 Kf8 28. Ke2 Ke7 29. Ne3 Bxe3 30. Kxe3 Kd6 31. f4 f6 32. d4 e5 33. fxe5+
fxe5 34. dxe5+ Kxe5 35. g3 g5 36. a3 h5 37. b4 b5 38. g4 h4 39. Kd3 d4 40. Kd2
Ke4 41. Ke2 d3+ 42. Kd2 Kd4 43. Kd1 Ke3 44. Ke1 d2+ 0-1

[Event "Digicel National Championship (Absolute) 2015"]
[Site "Kingston"]
[Date "2015.01.18"]
[Round "2"]
[Board "6"]
[White "WISDOM, Daren"]
[Black "PORTER, Russel"]
[Result "0-1"]
[WhiteElo "1985"]
[BlackElo "2082"]
[PlyCount "70"]
[EventDate "2015.01.17"]
[EventRounds "11"]
[EventCountry "JAM"]

1. d4 Nf6 2. Nf3 g6 3. b3 Bg7 4. Bb2 O-O 5. e3 d6 6. Bd3 Nc6 7. Nbd2 e5 8. O-O
Qe7 9. dxe5 dxe5 10. e4 Rd8 11. a3 Nh5 12. Re1 Nf4 13. Bf1 Bg4 14. Qc1 Bh6 15.
Qb1 Nxg2 16. Bxg2 Bxd2 17. Nxd2 Rxd2 18. Bc3 Rd7 19. Qc1 Nd4 20. Bxd4 Rxd4 21.
h3 Be6 22. Rd1 Rad8 23. Rxd4 Rxd4 24. Qe3 b6 25. f4 Qc5 26. Kh2 exf4 27. Qxf4
Qd6 28. Qxd6 Rxd6 29. Kg3 Rd2 30. Rc1 Kg7 31. h4 Kf6 32. Bf1 Ke5 33. Bd3 Bxb3
34. Kg4 Be6+ 35. Kg3 c5 0-1

[Event "Digicel National Championship (Absolute) 2015"]
[Site "Kingston"]
[Date "2015.01.21"]
[Round "3"]
[Board "1"]
[White "PORTER, Russel"]
[Black "DAVY, Damion"]
[Result "0-1"]
[WhiteElo "2082"]
[BlackElo "2177"]
[PlyCount "90"]
[EventDate "2015.01.17"]
[EventRounds "11"]
[EventCountry "JAM"]

1. d4 Nf6 2. Nf3 d5 3. Bf4 c5 4. e3 Qb6 5. Nc3 c4 6. e4 dxe4 7. Ne5 Qxb2 8.
Bxc4 e6 9. Nb5 Qb4+ 10. Bd2 Qe7 11. Rb1 Qd8 12. Be3 Be7 13. O-O O-O 14. Bb3 Qa5
15. a4 a6 16. Nc4 Qd8 17. Nc3 Nc6 18. h3 Re8 19. Nd2 Nxd4 20. Bxd4 Qxd4 21.
Ndxe4 Qe5 22. Qf3 Nxe4 23. Nxe4 Bd7 24. Ng3 Bc6 25. Qg4 Qg5 26. Qxg5 Bxg5 27.
Rbd1 Rad8 28. Rfe1 Rxd1 29. Rxd1 Rd8 30. Rxd8+ Bxd8 31. Ne2 Bf6 32. Nf4 Kf8 33.
Nd3 Ke7 34. f3 Kd6 35. Kf2 Kc7 36. Ke3 Kb6 37. g4 Ka5 38. f4 Bxa4 39. Bxa4 Kxa4
40. g5 Bc3 41. Nc5+ Kb4 42. Nxb7 a5 43. Ke2 a4 44. Kd3 a3 45. Nc5 a2 0-1

[Event "Digicel National Championship (Absolute) 2015"]
[Site "Kingston"]
[Date "2015.01.21"]
[Round "3"]
[Board "4"]
[White "WILKINSON, Ian"]
[Black "WILSON, Brandon"]
[Result "0-1"]
[WhiteElo "1889"]
[BlackElo "2099"]
[PlyCount "120"]
[EventDate "2015.01.17"]
[EventRounds "11"]
[EventCountry "JAM"]

1. e4 c5 2. Nf3 Nc6 3. d4 cxd4 4. Nxd4 g6 5. c4 Bg7 6. Be3 Nf6 7. Nc3 d6 8. Be2
Nxd4 9. Bxd4 Bd7 10. O-O Bc6 11. Qd3 O-O 12. f4 Nd7 13. Bxg7 Kxg7 14. Kh1 a5
15. Bf3 Nc5 16. Qd4+ f6 17. Rad1 Qb6 18. Rd2 Rad8 19. Rfd1 e5 20. Qe3 Qc7 21.
g3 Rfe8 22. b3 Qe7 23. Re1 Qc7 24. Red1 Qe7 25. Re1 Qc7 26. Kg2 Rd7 27. Rde2
Ne6 28. Bg4 f5 29. Bh3 Nc5 30. Nd5 Bxd5 31. exd5 Rf7 32. Kg1 Qd8 33. fxe5 Rxe5
34. Qd4 Nd7 35. Rxe5 dxe5 36. Rxe5 Nxe5 37. Qxe5+ Qf6 38. Qe2 Re7 39. Qd2 Qb6+
40. Kf1 Qe3 41. Qxe3 Rxe3 42. Bg2 b6 43. d6 Kf7 44. Bc6 Ke6 45. d7 Ke7 46. Ba4
Rc3 47. a3 Rc2 48. Kg1 Ra2 49. h3 g5 50. Bb5 Rxa3 51. Ba4 Rxa4 52. bxa4 Kxd7
53. Kf2 Kd6 54. Ke3 Ke5 55. h4 g4 56. h5 h6 57. Kd3 f4 58. gxf4+ Kxf4 59. Ke2
Kg5 60. Kf2 Kxh5 0-1

[Event "Digicel National Championship (Absolute) 2015"]
[Site "Kingston"]
[Date "2015.01.23"]
[Round "4"]
[Board "1"]
[White "DAVY, Damion"]
[Black "CAMPBELL, Kevron"]
[Result "1-0"]
[WhiteElo "2177"]
[BlackElo "1841"]
[PlyCount "117"]
[EventDate "2015.01.17"]
[EventRounds "11"]
[EventCountry "JAM"]

1. e4 c5 2. Nf3 Nc6 3. Bb5 g6 4. Bxc6 dxc6 5. d3 Bg7 6. Nc3 Nf6 7. h3 b6 8. Be3
O-O 9. Qd2 Re8 10. Bh6 e5 11. h4 Nh5 12. Rg1 Bg4 13. Bg5 f6 14. Be3 Qd6 15. Nh2
Be6 16. Ne2 Bf8 17. g4 Ng7 18. f4 exf4 19. Bxf4 Qd7 20. h5 Bf7 21. hxg6 Bxg6
22. O-O-O Rad8 23. Ng3 Qe6 24. b3 c4 25. Qc3 cxb3 26. Qxb3 Qxb3 27. axb3 Ne6
28. Bd2 Nd4 29. Kb2 Bd6 30. c3 Nb5 31. g5 Be5 32. Ng4 Rxd3 33. Nxf6+ Bxf6 34.
gxf6 Red8 35. Kc2 Na3+ 36. Kc1 Nb5 37. Kc2 Na3+ 38. Kc1 Nb5 39. Ne2 Kf7 40. Nf4
Nxc3 41. Nxd3 Ne2+ 42. Kc2 Bxe4 43. Rg7+ Kxf6 44. Rxa7 Bxd3+ 45. Kb2 Rd5 46.
Rc7 Rc5 47. Be3 Rc2+ 48. Ka3 Be4 49. Bxb6 Ke6 50. Rc8 Nc3 51. Re8+ Kf7 52. Rdd8
Ra2+ 53. Kb4 Nd5+ 54. Kc5 Nf6 55. Rf8+ Kg6 56. Rd6 Rf2 57. Kb4 Rf5 58. Bd8 c5+
59. Ka3 1-0

[Event "Digicel National Championship (Absolute) 2015"]
[Site "Kingston"]
[Date "2015.01.23"]
[Round "4"]
[Board "2"]
[White "MELLACE, Andrew"]
[Black "MYERS, Peter"]
[Result "1/2-1/2"]
[WhiteElo "2064"]
[BlackElo "1984"]
[PlyCount "120"]
[EventDate "2015.01.17"]
[EventRounds "11"]
[EventCountry "JAM"]

1. e4 g6 2. d4 Bg7 3. c4 d6 4. Nc3 Nf6 5. f4 O-O 6. Nf3 Bg4 7. Be2 Nbd7 8. h3
Bxf3 9. Bxf3 Rb8 10. O-O a6 11. a4 c5 12. d5 Ne8 13. Qe2 Nc7 14. Be3 e6 15. e5
dxe5 16. d6 Ne8 17. Rad1 exf4 18. Bxf4 e5 19. Bc1 f5 20. Bd5+ Kh8 21. Be6 Nef6
22. Bg5 Re8 23. Bf7 Rf8 24. Be6 h6 25. Bh4 Qe8 26. Bxd7 Nxd7 27. Be7 Rg8 28.
Nd5 Bf8 29. Nf6 Qc8 30. Nxg8 Kxg8 31. Qd2 Bg7 32. Qd5+ Kh7 33. Qe6 Qe8 34. Rb1
a5 35. b3 b6 36. Rbd1 Nf8 37. Qd5 Nd7 38. g3 Qg8 39. Kg2 Qxd5+ 40. Rxd5 Kg8 41.
h4 h5 42. Bg5 Re8 43. Re1 Kh7 44. Be7 Kg8 45. Re2 Kh7 46. Kf1 Kg8 47. Ke1 Kh7
48. Kd1 Kg8 49. Kc2 Kh7 50. Kb1 Kg8 51. Kc1 Kh7 52. Kc2 Kg8 53. Bg5 Kh7 54. Be3
Kg8 55. Kb1 Kh7 56. Rf2 Bh6 57. Bxh6 Kxh6 58. Rh2 Kg7 59. Kc2 Kf6 60. Kd3 Ke6
 1/2-1/2

[Event "Digicel National Championship (Absolute) 2015"]
[Site "Kingston"]
[Date "2015.01.23"]
[Round "4"]
[Board "3"]
[White "WILSON, Brandon"]
[Black "LORNE, Malaku"]
[Result "1/2-1/2"]
[WhiteElo "2099"]
[BlackElo "2113"]
[PlyCount "127"]
[EventDate "2015.01.17"]
[EventRounds "11"]
[EventCountry "JAM"]

1. e4 c5 2. Nc3 Nc6 3. f4 g6 4. Nf3 Bg7 5. Bb5 Nd4 6. O-O a6 7. Bd3 d6 8. Nxd4
cxd4 9. Ne2 Nf6 10. Qe1 O-O 11. Qf2 e5 12. h3 b5 13. fxe5 dxe5 14. b3 Qe7 15.
a4 Bd7 16. c3 dxc3 17. dxc3 Bc6 18. Bg5 Rad8 19. axb5 axb5 20. Bxb5 Bxb5 21. c4
Bxc4 22. bxc4 Rd6 23. Nc3 Qe6 24. Bxf6 Bxf6 25. Nd5 Bd8 26. g4 Ra6 27. Kg2 Rxa1
28. Rxa1 Bg5 29. Qb6 Qc8 30. Qc7 Qxc7 31. Nxc7 Rc8 32. Ra8 Rxa8 33. Nxa8 Kf8
34. Nb6 Ke7 35. Kf3 Ke6 36. Nd5 Bc1 37. Ke2 h6 38. Kd3 Ba3 39. Nc7+ Kd7 40. Nd5
Ke6 41. Nc7+ Kd7 42. Nb5 Bc5 43. Nc3 Ke6 44. Ne2 Bf2 45. Nc3 Ba7 46. Ne2 Bc5
47. Nc1 f5 48. gxf5+ gxf5 49. Nb3 Ba7 50. Nd2 f4 51. Kc3 Bc5 52. Nf3 Kd6 53.
Kb3 Bd4 54. Kb4 Kc6 55. Nh4 Bc5+ 56. Ka4 Bf2 57. Nf3 Kc5 58. Kb3 Bd4 59. Ne1
Ba1 60. Nd3+ Kc6 61. Ne1 Kc5 62. Nd3+ Kc6 63. Ne1 Kc5 64. Nd3+ 1/2-1/2

[Event "Digicel National Championship (Absolute) 2015"]
[Site "Kingston"]
[Date "2015.01.23"]
[Round "4"]
[Board "4"]
[White "SMITH, Melisha"]
[Black "WILKINSON, Ian"]
[Result "0-1"]
[WhiteElo "1797"]
[BlackElo "1889"]
[PlyCount "79"]
[EventDate "2015.01.17"]
[EventRounds "11"]
[EventCountry "JAM"]

1. d4 Nf6 2. Nf3 e6 3. Bf4 Be7 4. e3 O-O 5. Bd3 Nc6 6. c3 h6 7. Nbd2 a6 8. h3
d5 9. Ne5 Nxe5 10. Bxe5 c5 11. Qf3 c4 12. Bc2 b5 13. e4 Bb7 14. exd5 Bxd5 15.
Qg3 b4 16. Ne4 a5 17. O-O Ne8 18. Nd2 Bh4 19. Qg4 f5 20. Qg6 Qg5 21. Qxg5 Bxg5
22. f4 Be7 23. Nf3 Nf6 24. Nh4 Kf7 25. Rae1 Ne4 26. Re3 Bxh4 27. g4 g6 28. Kh2
Bf6 29. gxf5 gxf5 30. Rg1 Rg8 31. Rxg8 Rxg8 32. Bc7 Bd8 33. Bxd8 Rxd8 34. Bxe4
Bxe4 35. Rg3 Rg8 36. Rxg8 Kxg8 37. Kg3 Kg7 38. Kh4 a4 39. cxb4 a3 40. bxa3 c3
 0-1

[Event "Digicel National Championship (Absolute) 2015"]
[Site "Kingston"]
[Date "2015.01.23"]
[Round "4"]
[Board "5"]
[White "WISDOM, Daren"]
[Black "SMITH, Shreyas"]
[Result "0-1"]
[WhiteElo "1985"]
[BlackElo "2086"]
[PlyCount "78"]
[EventDate "2015.01.17"]
[EventRounds "11"]
[EventCountry "JAM"]

1. e4 c5 2. d4 cxd4 3. c3 dxc3 4. Nxc3 Nc6 5. Bc4 e6 6. Bf4 d6 7. Nf3 Be7 8.
O-O e5 9. Bg3 Nf6 10. Bxf7+ Kxf7 11. Ng5+ Ke8 12. f4 h6 13. Nf3 exf4 14. Bxf4
Rf8 15. Qe2 Ng4 16. Bg3 Nge5 17. Nxe5 Nxe5 18. Bxe5 Qb6+ 19. Kh1 dxe5 20. Nd5
Qd6 21. Rfc1 Bd8 22. Qh5+ Rf7 23. Rd1 Bg5 24. Nf4 Qc6 25. Ng6 Qxe4 26. h3 Bf5
27. Nxe5 Qxe5 28. Re1 Be4 29. Qd1 Re7 30. Qb3 Qe6 31. Qg3 Bf4 32. Qh4 g5 33.
Qh5+ Bg6 34. Rxe6 Bxh5 35. Rxh6 Kf7 36. Rxh5 Kg6 37. g4 Re2 38. Rd1 Rae8 39.
Rd7 Rh2+ 0-1

[Event "Digicel National Championship (Absolute) 2015"]
[Site "Kingston"]
[Date "2015.01.23"]
[Round "4"]
[Board "6"]
[White "PORTER, Russel"]
[Black "ELLIOTT, Warren"]
[Result "0-1"]
[WhiteElo "2082"]
[BlackElo "2240"]
[PlyCount "84"]
[EventDate "2015.01.17"]
[EventRounds "11"]
[EventCountry "JAM"]

1. c4 Nf6 2. Nc3 e5 3. Nf3 Nc6 4. e3 Be7 5. a3 O-O 6. Qc2 d5 7. cxd5 Nxd5 8.
Be2 Be6 9. b4 Nxc3 10. dxc3 Bf6 11. e4 Ne7 12. O-O Ng6 13. Rd1 Qe7 14. Be3 Rfd8
15. Rxd8+ Qxd8 16. Rd1 Qe8 17. h3 Be7 18. Ng5 Bxg5 19. Bxg5 f6 20. Be3 Qf7 21.
c4 Nh4 22. Kh2 Ng6 23. Qd3 a6 24. c5 Ne7 25. Qc3 g5 26. g3 h5 27. Rd2 Qg6 28.
Qc2 Qf7 29. Qd1 Qh7 30. Rd8+ Rxd8 31. Qxd8+ Kf7 32. Qxc7 h4 33. g4 Qxe4 34. Kg1
Bd5 35. f3 Qxe3+ 36. Kf1 Qc1+ 37. Kf2 Qd2 38. Qd6 Qd4+ 39. Ke1 Qe3 40. Kf1 Qc1+
41. Kf2 Qf4 42. Ke1 Bxf3 0-1

[Event "Digicel National Championship (Absolute) 2015"]
[Site "Kingston"]
[Date "2015.01.24"]
[Round "5"]
[Board "1"]
[White "ELLIOTT, Warren"]
[Black "DAVY, Damion"]
[Result "1-0"]
[WhiteElo "2240"]
[BlackElo "2177"]
[PlyCount "830"]
[EventDate "2015.01.17"]
[EventRounds "11"]
[EventCountry "JAM"]

1. e4 e5 2. Nf3 Nc6 3. Bc4 Nf6 4. d3 Bc5 5. Bb3 a6 6. c3 Ba7 7. h3 h6 8. Nbd2
O-O 9. Nf1 d5 10. Qe2 Be6 11. Bc2 b5 12. N3h2 Qd7 13. g4 dxe4 14. dxe4 Rad8 15.
g5 Bc4 16. Qf3 Nh7 17. gxh6 f5 18. exf5 Bd5 19. Qxd5+ Qxd5 20. Bb3 e4 21. Rg1
Rxf5 22. Bxd5+ Rfxd5 23. Rxg7+ Kh8 24. Be3 Bb8 25. Ng4 b4 26. Ng3 bxc3 27. bxc3
Na5 28. Bd4 c5 29. Bf6 Rf8 30. Nxe4 Rf5 31. Rb1 Bf4 32. Rb6 Bxh6 33. Rd7+ Nxf6
34. Rxf6 R5xf6 35. Ngxf6 Bg7 36. Nd5 Nc4 37. Nxc5 Rf3 38. Ne4 Ne5 39. Rd8+ Bf8
40. Ng5 Rf5 41. Ne6 Nd7 42. Ndf4 1-0

[Event "Digicel National Championship (Absolute) 2015"]
[Site "Kingston"]
[Date "2015.01.24"]
[Round "5"]
[Board "2"]
[White "SMITH, Shreyas"]
[Black "PORTER, Russel"]
[Result "1-0"]
[WhiteElo "2086"]
[BlackElo "2082"]
[PlyCount "117"]
[EventDate "2015.01.17"]
[EventRounds "11"]
[EventCountry "JAM"]

1. e4 e5 2. Nf3 Nc6 3. Bc4 Nf6 4. d3 Be7 5. O-O O-O 6. Re1 d6 7. a4 Re8 8. a5
a6 9. Nbd2 Bf8 10. c3 Be6 11. Qb3 Rb8 12. Bxe6 Rxe6 13. Nf1 Re8 14. Bg5 h6 15.
Bxf6 Qxf6 16. Ne3 g6 17. Nd5 Qd8 18. h4 Bg7 19. h5 Kh7 20. g3 Ne7 21. Ne3 Rf8
22. Kg2 Qd7 23. hxg6+ fxg6 24. Rh1 Bf6 25. Rh2 Kg7 26. Ra4 Ng8 27. Rb4 Qf7 28.
Qxf7+ Rxf7 29. Ng1 Bg5 30. Nc4 Nf6 31. Nh3 Ng4 32. Rh1 Bd8 33. Ra1 Be7 34. Rb3
Nf6 35. Ra4 Nd7 36. d4 exd4 37. cxd4 Bf6 38. Ne3 c6 39. Ng4 Re7 40. f3 h5 41.
Nxf6 Nxf6 42. Rab4 Kh6 43. Rb6 g5 44. Rxc6 bxc6 45. Rxb8 g4 46. Nf2 gxf3+ 47.
Kxf3 Rf7 48. Kg2 Re7 49. Rb6 Nxe4 50. Rxc6 Kg5 51. Rxa6 d5 52. Rb6 Rc7 53. a6
Rc4 54. b4 Rc2 55. Rb5 Rxf2+ 56. Kg1 Kg4 57. a7 Kxg3 58. a8=Q Ng5 59. Qb8+ 1-0

[Event "Digicel National Championship (Absolute) 2015"]
[Site "Kingston"]
[Date "2015.01.24"]
[Round "5"]
[Board "3"]
[White "WILKINSON, Ian"]
[Black "WISDOM, Daren"]
[Result "1-0"]
[WhiteElo "1889"]
[BlackElo "1985"]
[PlyCount "61"]
[EventDate "2015.01.17"]
[EventRounds "11"]
[EventCountry "JAM"]

1. e4 e5 2. Nf3 Nc6 3. Bb5 a6 4. Ba4 Nf6 5. d3 b5 6. Bb3 Be7 7. O-O O-O 8. c3
d5 9. Nbd2 dxe4 10. dxe4 Bg4 11. h3 Bh5 12. Qe2 Bd6 13. Rd1 Qe7 14. Nf1 Na5 15.
Bc2 c5 16. Ng3 Bg6 17. Nh4 Qc7 18. Nhf5 Nb7 19. Bg5 Ne8 20. a4 f6 21. Be3 b4
22. cxb4 cxb4 23. Bb3+ Bf7 24. Rac1 Qd7 25. Qg4 Bxb3 26. Nh6+ Kh8 27. Qxd7 Bxd1
28. Rxd1 gxh6 29. Qxb7 Rb8 30. Qd7 Rd8 31. Qxd8 1-0